ბათუმის შოთა რუსთაველის სახელმწიფო უნივერსიტეტის ბიბლიოთეკა

ლოჯისტიკა / (ბიბ.ჩანაწერი № 41547)

000 -ლიდერი
ფიქსირებული სიგრძის საკონტროლო ველი 00962nam a2200241Ia 4500
001 - საკონტროლო ნომერი
საკონტროლო ველი 8215
003 - საკონტროლო ნომრის იდენტიფიკატორი
საკონტროლო ველი GE_BSU
005 - ბოლო ოპერაციის თარიღი და დრო
საკონტროლო ველი 20240415174650.0
008 - ფიქსირებული სიგრძის მონაცემთა ელემენტები - ზოგადი ინფორმაცია
ფიქსირებული სიგრძის საკონტროლო ველი 181216s2013||||ge |||||||||||||| ||geo||
020 ## - წიგნის საერთაშორისო სტანდარტული ნომერი
International Standard Book Number 9789994021819
040 ## - კატალოგიზაციის წყარო
Transcribing agency GE_BSU
041 ## - ენის კოდი
Language code of text/sound track or separate title geo
080 ## - უნივერსალური ათობითი კლასიფიკაციის ინდექსი
Universal Decimal Classification number 338.22(075.8) მ-25
100 ## - მთავარი ჩანაწერი - პიროვნების სახელი
Personal name მამულაძე, რომან
9 (RLIN) 7235
245 ## - ცნობა სათაურის შესახებ
Title ლოჯისტიკა /
Statement of responsibility, etc რომან მამულაძე, მერი გაბაიძე.
264 ## - წარმოების, გამოცემის, დისტრიბუციის და სხვა ცნობები
გამოცემის, წარმოების, დისტრიბუციის... ადგილი ბათუმი :
გამოცემის, წარმოების, დისტრიბუციის... სახელწოდება გამომცემლობა აჭარა,
გამოცემის, წარმოების, დისტრიბუციის... თარიღი 2013.
300 ## - ფიზიკური აღწერა
Extent 523 გვ. ;
Dimensions 21სმ.
546 ## - LANGUAGE NOTE
Language note თავფურცელი მე-3 გვ. ინგლისურ ენაზე
653 ## - INDEX TERM--UNCONTROLLED
Uncontrolled term ლოჯისტიკა
700 ## - ADDED ENTRY--PERSONAL NAME
Personal name გაბაიძე, მერი
Relator term ავტორი
9 (RLIN) 21800
700 ## - ADDED ENTRY--PERSONAL NAME
Personal name აბრალავა, ანზორ
Relator term რედაქტორი
9 (RLIN) 21801
942 ## - ADDED ENTRY ELEMENTS (KOHA)
Koha item type წიგნი
Source of classification or shelving scheme
ეგზემპლარები
ჩამოწერის სტატუსი დაკარგული ეგზემპლარის სტატუსი კლასიფიკაციის წყარო ან თაროზე გაწყობის სქემა დაზიანების სტატუსი არ გაიცემა მუდმივი მდებარეობა (დაცვის ადგილი) ამჟამინდელი ადგილსამყოფელი თაროზე განთავსების ადგილი შეძენის თარიღი სრული შენახვის შიფრი შტრიხკოდი ბოლო ოპერაციის თარიღი ეგზემპლარის მიმდევრობითი ნომერი (კეტერი?) ფასის ძალაში შესვლის თარიღი ეგზემპლარის სახეობა
          ბათუმის შოთა რუსთაველის სახელმწიფო უნივერსიტეტის მთავარი ბიბლიოთეკა ბათუმის შოთა რუსთაველის სახელმწიფო უნივერსიტეტის მთავარი ბიბლიოთეკა წიგნსაცავი 2018-12-17 338.22(075.8) მ-25 26609 2018-12-17 26609 2018-12-17 წიგნი